| 000 | 00648nam a22002177a 4500 | ||
|---|---|---|---|
| 999 |
_c3287 _d3287 |
||
| 003 | OSt | ||
| 005 | 20211117074756.0 | ||
| 008 | 211029b ||||| |||| 00| 0 eng d | ||
| 020 | _a- | ||
| 040 | _cALUPE UNIVERSITY COLLEGE | ||
| 050 |
_aRA410 _b.P38 2021 |
||
| 100 | _aLANGAT PATRICK KIPYEGON | ||
| 245 | _aFACTORS AFECTING DELIVERY OF QUALITY REHABILITATION SERVICES FOR PATIENTS AT VIHIGA COUNTY REFERRAL HOSPITAL:HEALTHCARE PROVIDERS PERSPECTIVE | ||
| 260 |
_aVIHIGA COUNTY REFFERAL HOSPITAL _c2021 |
||
| 300 | _a41pgs | ||
| 500 | _a- | ||
| 504 | _a- | ||
| 650 | _2delivery of quality services | ||
| 700 | _a- | ||
| 942 |
_2lcc _cAUCUP _nPW |
||